=LDR 00000nam 2200000 4500 =001 INLIS000000000020449 =005 20130612115409 =008 ***********************************Ind** =035 ##$$0010-061300000020449 =041 ##$$a Ind =082 ##$$a 346.048 2 =090 ##$$a 346.048 2, Res h =100 ##$$a Riswandi, Budi Agust =245 ##$$a Hukum kekayaan dan budaya hukum, Budi Agus Riswandi =260 ##$$a 2005 $b Jakarta =300 ##$$a x, 218 hlm, ilus, 21 cm =650 ##$$a Hak Cipta =850 ##$$a NBPNMAT